00622nam a2200181 i 4500001000300000245006000003246004100063260006100104300005700165500005900222504001300281650003500294020001500329040000800344041000900352080003800361008004100399bg00aSłownik obrazkowy niemiecko-angielski /cOxford-Duden.11aBildwörterbuch Deutsch und English aWarszawa :b"Wiedza Powszechna" :bPhilip Wilson,c1996. a677, [2], 87, 96 s. :brys. (w tym kolor.) ;c23 cm. aTyt. równol. : Bildwörterbuch Deutsch und English. aIndeksy. 9aSłowniki niemiecko-angielskie a8321408966 cBPK0 aende a811.112.2::811.111]'374(02.025.2) s pl f |000 0 pol